00918cam a22002771 45000010008000000030002000080050017000100080041000270100013000680200021000810400018001020500016001200820013001361000024001492450105001732600035002783000027003134900028003405000054003685000034004225040030004566500018004867000043005047400052005477400041005994065261020180717115824.0700729s1968 nyua b 000 0 eng  aB-192547 a0070604932c0.00 adplc0d0bEN00aQA171b.B3600a510bBAU1 aBaumslag, Benjamin.10aSchaum's outline of theory and problems of group theory,cby Benjamin Baumslag [and] Bruce Chandler. aNew York,bMcGraw-Hillc[1968] a279 p.billus.c28 cm.0 aSchaum's outline series aCover title: Theory and problems of group theory. aTitle on spine: Group theory. aBibliography: p. 272-273. 0aGroup theory.1 aChandler, Bruce,d1931-ejoint author. aOutline of theory and problems of group theory. aTheory and problems of group theory.